[Event "4th NH Chess Tournament"]
[Site "Amsterdam NED"]
[Date "2010.08.13"]
[Round "2"]
[White "Ljubojevic, L."]
[Black "Howell, D."]
[Result "0-1"]
[WhiteElo "2572"]
[BlackElo "2616"]
[PlyCount "59"]
[EventDate "2010.08.12"]

1. Nf3 Nf6 2. c4 g6 3. Nc3 d5 4. cxd5 Nxd5 5. Qa4+ Bd7 6. Qc2 Nb4 7. Qb3 c5 8.
a3 Be6 9. Qa4+ N4c6 10. e3 Bg7 11. Ng5 Bc8 12. Nge4 Nd7 13. d3 O-O 14. Be2 a6
15. O-O b5 16. Qc2 Bb7 17. Bd2 Rc8 18. Rfc1 h6 19. Nd1 Kh7 20. Bf1 Nce5 21. f4
f5 22. Nef2 Nf7 23. Bc3 e5 24. Qd2 Qe7 25. Rab1 Nf6 26. fxe5 Nxe5 27. d4 Nc4
28. Bxc4 bxc4 29. dxc5 Qxc5 30. Qe2 0-1

[Event "4th NH Chess Tournament"]
[Site "Amsterdam NED"]
[Date "2010.08.13"]
[Round "2"]
[White "Svidler, P."]
[Black "So, W."]
[Result "1/2-1/2"]
[WhiteElo "2734"]
[BlackElo "2674"]
[PlyCount "99"]
[EventDate "2010.08.12"]

1. e4 c6 2. d4 d5 3. e5 Bf5 4. Nf3 e6 5. Be2 Ne7 6. O-O c5 7. dxc5 Nec6 8. a3
Nd7 9. b4 a5 10. Nd4 axb4 11. Nxf5 exf5 12. Bb2 Bxc5 13. axb4 Rxa1 14. Bxa1
Nxb4 15. Nc3 Nb6 16. Bb5+ Nc6 17. Qf3 O-O 18. Qxf5 Nd4 19. Qd3 Qh4 20. g3 Qg4
21. Ne2 Nxb5 22. Qxb5 Qc4 23. Rb1 Ra8 24. Bc3 h6 25. Qxc4 dxc4 26. Bd4 Nd7 27.
e6 fxe6 28. Rxb7 Rd8 29. Rc7 Bxd4 30. Nxd4 Nc5 31. Nc6 Rd1+ 32. Kg2 Ne4 33.
Ne7+ Kf7 34. Nd5+ Kg8 35. Ne7+ Kf7 36. Nc8+ Kf6 37. Rxc4 Re1 38. Na7 Ke5 39.
Nb5 Re2 40. Kf3 Re1 41. Nd4 Kd5 42. Rb4 Nc3 43. Nb3 e5 44. Rb7 e4+ 45. Kf4 Re2
46. Rd7+ Ke6 47. Rd2 Nd5+ 48. Kg4 Rxd2 49. Nxd2 e3 50. fxe3 1/2-1/2

[Event "4th NH Chess Tournament"]
[Site "Amsterdam NED"]
[Date "2010.08.13"]
[Round "2"]
[White "Gelfand, B."]
[Black "Giri, A."]
[Result "1/2-1/2"]
[WhiteElo "2739"]
[BlackElo "2672"]
[PlyCount "45"]
[EventDate "2010.08.12"]

1. d4 Nf6 2. c4 e6 3. Nf3 d5 4. g3 Be7 5. Bg2 O-O 6. O-O dxc4 7. Qc2 a6 8. a4
Bd7 9. Qxc4 Bc6 10. Bg5 h6 11. Bxf6 Bxf6 12. Nc3 Bxf3 13. Bxf3 c6 14. Qb3 Ra7
15. a5 Bxd4 16. Rfd1 b5 17. e3 Qf6 18. Nxb5 Bxb2 19. Nxa7 Bxa1 20. Kg2 Bc3 21.
Qb7 Qe5 22. Nxc6 Nxc6 23. Qxc6 1/2-1/2

[Event "4th NH Chess Tournament"]
[Site "Amsterdam NED"]
[Date "2010.08.13"]
[Round "2"]
[White "Nielsen, PH."]
[Black "Caruana, F."]
[Result "1/2-1/2"]
[WhiteElo "2700"]
[BlackElo "2697"]
[PlyCount "73"]
[EventDate "2010.08.12"]

1. c4 Nf6 2. Nc3 e5 3. Nf3 Nc6 4. g3 Nd4 5. Bg2 Nxf3+ 6. Bxf3 Bb4 7. Qb3 Bc5 8.
O-O O-O 9. Na4 Be7 10. d4 d6 11. Rd1 Qe8 12. Nc3 c6 13. Be3 Nd7 14. Ne4 Nf6 15.
Nxf6+ Bxf6 16. dxe5 Bxe5 17. Bd4 Qe7 18. Qa3 Rd8 19. Rd2 Bxd4 20. Rxd4 Be6 21.
b3 a5 22. Rad1 c5 23. R4d3 a4 24. Qc1 h6 25. Qd2 axb3 26. axb3 Ra3 27. Qb2 Ra6
28. h4 Rb8 29. Qd2 b5 30. Rxd6 Rxd6 31. Qxd6 Qxd6 32. Rxd6 bxc4 33. bxc4 Bxc4
34. Rc6 Re8 35. Rxc5 Bxe2 36. Bxe2 Rxe2 37. Kf1 1/2-1/2

[Event "4th NH Chess Tournament"]
[Site "Amsterdam NED"]
[Date "2010.08.14"]
[Round "3"]
[White "Caruana, F."]
[Black "Svidler, P."]
[Result "1-0"]
[WhiteElo "2697"]
[BlackElo "2734"]
[PlyCount "89"]
[EventDate "2010.08.12"]

1. d4 Nf6 2. c4 g6 3. Nc3 d5 4. cxd5 Nxd5 5. e4 Nxc3 6. bxc3 Bg7 7. Bc4 c5 8.
Ne2 Nc6 9. Be3 O-O 10. O-O Qc7 11. Rc1 Rd8 12. Bf4 Be5 13. Bxe5 Nxe5 14. Bb3
Ng4 15. Ng3 Qf4 16. Qe1 Nf6 17. e5 Nd5 18. Bxd5 Rxd5 19. c4 Rd8 20. d5 b5 21.
Qa5 Bd7 22. Rfe1 Be8 23. cxb5 Rxd5 24. b6 Rd2 25. Ne4 Rb2 26. Qxc5 Rxb6 27.
Qxe7 Bc6 28. Nf6+ Kg7 29. Rf1 h6 30. Rc3 Rab8 31. Qc5 Ra6 32. Qd6 Rbb6 33. Re3
Rxa2 34. Nh5+ gxh5 35. Rg3+ Qxg3 36. Qf6+ Kg8 37. hxg3 Be4 38. Qd8+ Kh7 39. Rc1
Bf5 40. Rc7 Be6 41. Rxa7 Rxa7 42. Qxb6 Ra4 43. Qb1+ Kg7 44. f4 Ra5 45. Qd1 1-0

[Event "4th NH Chess Tournament"]
[Site "Amsterdam NED"]
[Date "2010.08.14"]
[Round "3"]
[White "Howell, D."]
[Black "Van Wely, L."]
[Result "1-0"]
[WhiteElo "2616"]
[BlackElo "2677"]
[PlyCount "80"]
[EventDate "2010.08.12"]

1. e4 c5 2. Nf3 d6 3. d4 cxd4 4. Nxd4 Nf6 5. Nc3 a6 6. h3 e5 7. Nde2 h5 8. Bg5
Be7 9. Ng3 h4 10. Nf5 Bxf5 11. exf5 Nc6 12. Bc4 Nd4 13. Bxf6 Bxf6 14. Bd5 Nxf5
15. Ne4 Qc7 16. c3 Be7 17. Qf3 g6 18. O-O-O Kf8 19. g4 Nh6 20. Qe3 Kg7 21. Rhg1
Raf8 22. f4 exf4 23. Qd4+ Kh7 24. Nf6+ Bxf6 25. Qxf6 Re8 26. g5 Qe7 27. Qxe7
Rxe7 28. gxh6 Kxh6 29. Rde1 Rhe8 30. Kd2 f5 31. Bxb7 Re3 32. b4 g5 33. Bf3 Rxf3
34. Rxe8 Rxh3 35. Rh8+ Kg7 36. Rh5 Rg3 37. Rxg5+ Kf6 38. Rg8 Ke5 39. Re8+ Kd5
40. Rf1 h3 1-0

[Event "4th NH Chess Tournament"]
[Site "Amsterdam NED"]
[Date "2010.08.14"]
[Round "3"]
[White "Giri, A."]
[Black "Ljubojevic, L."]
[Result "1/2-1/2"]
[WhiteElo "2672"]
[BlackElo "2572"]
[PlyCount "98"]
[EventDate "2010.08.12"]

1. d4 Nf6 2. c4 e6 3. Nf3 d5 4. g3 dxc4 5. Bg2 a6 6. Ne5 c5 7. Na3 cxd4 8.
Naxc4 Ra7 9. Bd2 b6 10. O-O Bb7 11. Bxb7 Rxb7 12. Rc1 Bc5 13. b4 Be7 14. Be3
O-O 15. Bxd4 Nd5 16. a3 f6 17. Nf3 e5 18. Qb3 exd4 19. Nxd4 Rf7 20. Rfd1 Rd7
21. Nf5 b5 22. Na5 Bf8 23. e4 Nb6 24. Nb7 Qe8 25. Nbd6 Bxd6 26. Nxd6 Rxd6 27.
Rxd6 Nc4 28. Rxc4 bxc4 29. Qxc4 Kf8 30. Qc5 Re7 31. a4 Nd7 32. Qd5 Re5 33. Qd3
Re7 34. Kg2 Ne5 35. Qxa6 Qh5 36. Qc8+ Kf7 37. Qc3 Qe2 38. Rd4 Rd7 39. Rxd7+
Nxd7 40. Qb3+ Ke7 41. Qd5 Ne5 42. a5 h5 43. Qb7+ Kf8 44. a6 Nd3 45. Qa8+ Kf7
46. Qd5+ Ke7 47. Qb7+ Kf8 48. Qa8+ Kf7 49. Qd5+ Ke7 1/2-1/2

[Event "4th NH Chess Tournament"]
[Site "Amsterdam NED"]
[Date "2010.08.15"]
[Round "4"]
[White "Ljubojevic, L."]
[Black "So, W."]
[Result "1-0"]
[WhiteElo "2572"]
[BlackElo "2674"]
[PlyCount "63"]
[EventDate "2010.08.12"]

1. Nf3 Nf6 2. c4 g6 3. Nc3 d5 4. cxd5 Nxd5 5. g3 Bg7 6. Bg2 Nc6 7. O-O O-O 8.
d4 Nb6 9. e3 Re8 10. Re1 a5 11. Qe2 a4 12. Rd1 Bd7 13. d5 Na5 14. Nd4 Qc8 15.
Bd2 Bxd4 16. exd4 Bg4 17. f3 Bh3 18. Bxh3 Qxh3 19. g4 h5 20. Rac1 Red8 21. Qe4
Nac4 22. Bg5 Nxb2 23. Rd2 a3 24. Rg2 hxg4 25. Rxg4 Re8 26. Rc2 c6 27. dxc6 bxc6
28. Rcg2 Nd5 29. Bh4 Qxg4 30. Rxg4 Nxc3 31. Qxc6 Nxa2 32. Bxe7 1-0

[Event "4th NH Chess Tournament"]
[Site "Amsterdam NED"]
[Date "2010.08.15"]
[Round "4"]
[White "Gelfand, B."]
[Black "Caruana, F."]
[Result "1/2-1/2"]
[WhiteElo "2739"]
[BlackElo "2697"]
[PlyCount "44"]
[EventDate "2010.08.12"]

1. c4 Nf6 2. d4 c6 3. Bf4 Qb6 4. Qd2 Ne4 5. Qc2 d5 6. f3 Nf6 7. e3 c5 8. Na3
cxd4 9. Nb5 Qa5+ 10. Qd2 Qxd2+ 11. Kxd2 dxe3+ 12. Bxe3 Na6 13. Bxa7 e5 14. a3
Be6 15. Re1 dxc4 16. Rxe5 O-O-O+ 17. Kc2 Nd7 18. Rxe6 fxe6 19. Bxc4 Bc5 20.
Bxc5 Ndxc5 21. Nh3 Kb8 22. Re1 Rhe8 1/2-1/2

[Event "4th NH Chess Tournament"]
[Site "Amsterdam NED"]
[Date "2010.08.15"]
[Round "4"]
[White "Nielsen, PH."]
[Black "Howell, D."]
[Result "1-0"]
[WhiteElo "2700"]
[BlackElo "2616"]
[PlyCount "103"]
[EventDate "2010.08.12"]

1. d4 Nf6 2. c4 g6 3. Nc3 d5 4. Bg5 Ne4 5. Bh4 Nxc3 6. bxc3 dxc4 7. e3 Be6 8.
Be2 Bg7 9. Nf3 c5 10. O-O O-O 11. Rb1 Nd7 12. Rxb7 cxd4 13. cxd4 Bd5 14. Rb4
Nb6 15. Qb1 Qd6 16. Bg3 Qc6 17. Rc1 Rac8 18. a4 Be4 19. Qa1 c3 20. Ba6 Nd5 21.
Bb7 Qf6 22. Rb5 Rcd8 23. Ne5 a6 24. Rc5 Qb6 25. Bxd5 Bxd5 26. Qxc3 Bxe5 27.
Bxe5 Qb3 28. Qa5 f6 29. Bg3 Bb7 30. Rc7 Rc8 31. h3 Rxc7 32. Rxc7 Re8 33. Qc5
Qd5 34. f3 Qxc5 35. dxc5 Bd5 36. Ra7 Rc8 37. e4 Bb3 38. Bf2 Bxa4 39. Rxe7 Bb5
40. Bd4 Rf8 41. Rc7 a5 42. Rb7 Be8 43. Rb6 f5 44. exf5 gxf5 45. c6 Kf7 46. Bc5
Rg8 47. Rb7+ Ke6 48. Rb8 Bf7 49. c7 Kd7 50. Bb6 Rc8 51. Bxa5 Be6 52. Kf2 1-0

[Event "4th NH Chess Tournament"]
[Site "Amsterdam NED"]
[Date "2010.08.15"]
[Round "4"]
[White "Van Wely, L."]
[Black "Giri, A."]
[Result "0-1"]
[WhiteElo "2677"]
[BlackElo "2672"]
[PlyCount "68"]
[EventDate "2010.08.12"]

1. c4 c6 2. Nf3 d5 3. e3 Nf6 4. Nc3 e6 5. b3 Nbd7 6. Bb2 e5 7. Qc2 a6 8. cxd5
cxd5 9. g4 h6 10. Rg1 e4 11. Nxd5 Nxd5 12. Qxe4+ Ne7 13. Rc1 Nf6 14. Bxf6 gxf6
15. Bc4 Bg7 16. h4 Qd6 17. Nd4 Kf8 18. f4 h5 19. Nf5 Bxf5 20. gxf5 Rd8 21. Ke2
b5 22. Bd3 Nd5 23. Kf3 Nxf4 24. Qxf4 Qxd3 25. Rg2 Re8 26. Rcg1 Rh7 27. Qb4+ Kg8
28. Qc5 Kh8 29. b4 Bh6 30. Rc1 Rg7 31. Rxg7 Kxg7 32. Rg1+ Kh7 33. Qa7 Qxf5+ 34.
Ke2 Qe6 0-1

[Event "4th NH Chess Tournament"]
[Site "Amsterdam NED"]
[Date "2010.08.16"]
[Round "5"]
[White "Giri, A."]
[Black "Nielsen, PH."]
[Result "1-0"]
[WhiteElo "2672"]
[BlackElo "2700"]
[PlyCount "77"]
[EventDate "2010.08.12"]

1. d4 Nf6 2. c4 g6 3. Nf3 Bg7 4. g3 O-O 5. Bg2 c6 6. O-O d5 7. b3 dxc4 8. bxc4
c5 9. Bb2 Qb6 10. Qb3 Ne4 11. e3 Nc6 12. Ne5 Nd6 13. Nd2 Be6 14. Bxc6 bxc6 15.
dxc5 Qxc5 16. Bd4 Qa5 17. Nxc6 Qc7 18. Bxg7 Kxg7 19. Qc3+ Kg8 20. Na5 Rab8 21.
Rfc1 Rfc8 22. Qe5 Bh3 23. Nab3 Rb4 24. c5 Qb7 25. f3 Nb5 26. Kf2 Be6 27. Rc2
Na3 28. Rc3 Nb5 29. Rc2 Na3 30. Rc3 Nb5 31. Rd3 Qa6 32. Ne4 Nd6 33. Nxd6 Qxd3
34. Nxc8 Bxc8 35. Re1 Rc4 36. Nd4 Ba6 37. Qxe7 Rc1 38. Qd8+ Kg7 39. Ne6+ 1-0

[Event "4th NH Chess Tournament"]
[Site "Amsterdam NED"]
[Date "2010.08.16"]
[Round "5"]
[White "Caruana, F."]
[Black "Ljubojevic, L."]
[Result "1/2-1/2"]
[WhiteElo "2697"]
[BlackElo "2572"]
[PlyCount "83"]
[EventDate "2010.08.12"]

1. e4 e6 2. d4 d5 3. Nc3 dxe4 4. Nxe4 Nd7 5. Nf3 Ngf6 6. Nxf6+ Nxf6 7. Bd3 c5
8. Be3 Nd5 9. Ne5 Nxe3 10. fxe3 Qa5+ 11. c3 cxd4 12. exd4 Bd6 13. Nc4 Qc7 14.
Qh5 h6 15. O-O O-O 16. Nxd6 Qxd6 17. Rae1 Bd7 18. Rf6 Qe7 19. Ref1 e5 20. dxe5
Rae8 21. Rd6 Be6 22. Rf4 Rc8 23. Qf3 Rfd8 24. Rfd4 Re8 25. Qe4 g6 26. Bb5 Bf5
27. Qf4 Rf8 28. Bd7 Bxd7 29. Rxd7 Qe6 30. R4d6 Qxa2 31. e6 Qb1+ 32. Rd1 Qxb2
33. Kh1 Qe2 34. exf7+ Kh7 35. Qd6 Qc4 36. Rxb7 Rxf7 37. Rxf7+ Qxf7 38. Qe5 Qg7
39. Qxg7+ Kxg7 40. Rd7+ Kf6 41. Rxa7 Rxc3 42. h3 1/2-1/2

[Event "4th NH Chess Tournament"]
[Site "Amsterdam NED"]
[Date "2010.08.18"]
[Round "6"]
[White "Van Wely, L."]
[Black "Caruana, F."]
[Result "1-0"]
[WhiteElo "2677"]
[BlackElo "2697"]
[PlyCount "105"]
[EventDate "2010.08.12"]

1. c4 e5 2. g3 Nf6 3. Bg2 c6 4. d4 Bb4+ 5. Bd2 Bxd2+ 6. Qxd2 d6 7. Nc3 O-O 8.
e3 Be6 9. b3 exd4 10. Qxd4 d5 11. cxd5 Nxd5 12. Nge2 Nxc3 13. Qxc3 Qe7 14. O-O
Nd7 15. Nd4 Rfd8 16. Rad1 Nf6 17. e4 Rd7 18. Rd2 Rad8 19. e5 Nd5 20. Qb2 Nb4
21. Rfd1 Bg4 22. f3 Bh5 23. a3 Nd5 24. Bh3 Rc7 25. Nf5 Qc5+ 26. Qd4 Qxd4+ 27.
Nxd4 Re7 28. Re1 Nc3 29. f4 Nb5 30. Nxc6 Rxd2 31. Nxe7+ Kf8 32. Nf5 Bd1 33. Re3
g6 34. a4 gxf5 35. axb5 Bc2 36. Bg2 b6 37. Bf3 Bd1 38. Bb7 Bg4 39. Rc3 Rd1+ 40.
Kf2 Rd2+ 41. Ke3 Rxh2 42. Rc8+ Kg7 43. Rc7 Bh5 44. Bd5 Re2+ 45. Kd3 Re1 46. Kc2
Re2+ 47. Kc3 Re3+ 48. Kd4 Re1 49. e6 Rd1+ 50. Ke5 Re1+ 51. Kxf5 Re3 52. g4 Bg6+
53. Kg5 1-0

[Event "4th NH Chess Tournament"]
[Site "Amsterdam NED"]
[Date "2010.08.18"]
[Round "6"]
[White "Svidler, P."]
[Black "Giri, A."]
[Result "1/2-1/2"]
[WhiteElo "2734"]
[BlackElo "2672"]
[PlyCount "55"]
[EventDate "2010.08.12"]

1. d4 d5 2. c4 c6 3. Nc3 Nf6 4. e3 e6 5. b3 Nbd7 6. Bb2 Bd6 7. Nf3 O-O 8. Be2
b6 9. O-O Bb7 10. Qc2 Qe7 11. Rad1 Rac8 12. e4 Nxe4 13. Nxe4 dxe4 14. Qxe4 Nf6
15. Qh4 c5 16. Rfe1 Bxf3 17. Bxf3 cxd4 18. Rxd4 Rfd8 19. Red1 Bc5 20. Rxd8+
Rxd8 21. Qf4 h6 22. h3 a5 23. Kf1 Kf8 24. Rxd8+ Qxd8 25. Ke2 Ke7 26. h4 Bd6 27.
Qd4 Qc7 28. h5 1/2-1/2

[Event "4th NH Chess Tournament"]
[Site "Amsterdam NED"]
[Date "2010.08.19"]
[Round "7"]
[White "Howell, D."]
[Black "Ljubojevic, L."]
[Result "1/2-1/2"]
[WhiteElo "2616"]
[BlackElo "2572"]
[PlyCount "83"]
[EventDate "2010.08.12"]

1. e4 c5 2. Nf3 d6 3. d4 cxd4 4. Nxd4 Nf6 5. Nc3 a6 6. h3 Nc6 7. g4 g6 8. Be3
Bg7 9. Bg2 O-O 10. Nde2 a5 11. a4 Be6 12. Nd5 Nd7 13. c3 Nce5 14. O-O Nc4 15.
Bc1 Nc5 16. b3 Nb6 17. Bg5 Re8 18. Re1 Rc8 19. Ra2 Bd7 20. Nd4 f6 21. Be3 e6
22. Nxb6 Qxb6 23. c4 Rcd8 24. Rd2 Qc7 25. f4 Bc6 26. f5 exf5 27. exf5 Rxe3 28.
Rxe3 Bh6 29. Rde2 Bxe3+ 30. Rxe3 Bxg2 31. Kxg2 d5 32. Qe2 dxc4 33. Qxc4+ Kh8
34. fxg6 hxg6 35. Nf3 Kg7 36. g5 fxg5 37. Qc3+ Kh6 38. Qf6 Rd7 39. Re5 Nd3 40.
Qf8+ Rg7 41. Qh8+ Rh7 42. Qf8+ 1/2-1/2

[Event "4th NH Chess Tournament"]
[Site "Amsterdam NED"]
[Date "2010.08.19"]
[Round "7"]
[White "Caruana, F."]
[Black "Nielsen, PH."]
[Result "1-0"]
[WhiteElo "2697"]
[BlackElo "2700"]
[PlyCount "111"]
[EventDate "2010.08.12"]

1. d4 Nf6 2. c4 e6 3. g3 Bb4+ 4. Bd2 Be7 5. Bg2 d5 6. Nf3 O-O 7. O-O c6 8. Qc2
Nbd7 9. Bf4 b6 10. Rd1 Bb7 11. Nc3 dxc4 12. Nd2 Nd5 13. Nxc4 Nxf4 14. gxf4 Qc7
15. e3 Rad8 16. Rab1 c5 17. d5 exd5 18. Bxd5 Nf6 19. Bxb7 Qxb7 20. a4 Rxd1+ 21.
Rxd1 Rd8 22. Rxd8+ Bxd8 23. Qd3 Bc7 24. e4 g6 25. e5 Nh5 26. Nd5 Bd8 27. f5 Qd7
28. f6 Kf8 29. b3 Bc7 30. Qe4 Bb8 31. Nde3 Qd8 32. Nd5 Qd7 33. Nde3 Qd8 34. h4
h6 35. Nd5 Qd7 36. Nde3 Qd8 37. Kh1 Qc8 38. Kg2 Qe8 39. Kf3 Qd7 40. Ke2 Kg8 41.
Qg4 Qd8 42. f4 a6 43. f5 Qe8 44. fxg6 fxg6 45. Nd5 Kf7 46. Ne7 Nxf6 47. Qxg6+
Kxe7 48. Qxf6+ Kd7 49. Nxb6+ Kc7 50. Nd5+ Kd7 51. Nb6+ Kc7 52. Qd6+ Kb7 53.
Qd7+ Qxd7 54. Nxd7 Ba7 55. Kd3 Kc6 56. Nf6 1-0

[Event "4th NH Chess Tournament"]
[Site "Amsterdam NED"]
[Date "2010.08.19"]
[Round "7"]
[White "So, W."]
[Black "Svidler, P."]
[Result "1/2-1/2"]
[WhiteElo "2674"]
[BlackElo "2734"]
[PlyCount "32"]
[EventDate "2010.08.12"]

1. Nf3 g6 2. c4 Bg7 3. Nc3 c5 4. g3 b6 5. Bg2 Bb7 6. O-O Nf6 7. d4 cxd4 8. Qxd4
O-O 9. Qh4 d6 10. Bh6 Nbd7 11. Rfd1 Rc8 12. b3 Rc5 13. Ng5 Bxg2 14. Kxg2 Re8
15. Bxg7 Kxg7 16. Nge4 Qa8 1/2-1/2

[Event "4th NH Chess Tournament"]
[Site "Amsterdam NED"]
[Date "2010.08.19"]
[Round "7"]
[White "Nakamura, Hi"]
[Black "Van Wely, L."]
[Result "1-0"]
[WhiteElo "2729"]
[BlackElo "2677"]
[PlyCount "33"]
[EventDate "2010.08.12"]

1. e4 c5 2. Nf3 d6 3. d4 cxd4 4. Nxd4 Nf6 5. Nc3 a6 6. Bg5 Nbd7 7. f4 Qb6 8.
Qd2 Qxb2 9. Rb1 Qa3 10. Bxf6 Nxf6 11. e5 dxe5 12. fxe5 Nd7 13. Nd5 Qc5 14. Nb3
Qc6 15. Na5 Qc5 16. Nxb7 Qc6 17. Rb6 1-0

[Event "4th NH Chess Tournament"]
[Site "Amsterdam NED"]
[Date "2010.08.20"]
[Round "8"]
[White "Ljubojevic, L."]
[Black "Giri, A."]
[Result "0-1"]
[WhiteElo "2572"]
[BlackElo "2672"]
[PlyCount "66"]
[EventDate "2010.08.12"]

1. d4 d5 2. Nf3 Nf6 3. c4 c6 4. Nc3 e6 5. Bg5 h6 6. Bxf6 Qxf6 7. Qc2 dxc4 8. e3
b5 9. a4 Bb7 10. axb5 cxb5 11. Nxb5 Bb4+ 12. Nc3 O-O 13. Be2 Rc8 14. O-O Nd7
15. Rfc1 a5 16. Qd1 e5 17. Na4 Qg6 18. Bxc4 exd4 19. exd4 Rd8 20. Qb3 Qf5 21.
Ne1 Rab8 22. Nc2 Bd2 23. Rd1 Bxg2 24. Bxf7+ Kh8 25. Qe6 Qxc2 26. Kxg2 Nf6 27.
Qc4 Qe4+ 28. f3 Qh4 29. Kh1 Ne4 30. Rg1 Nf2+ 31. Kg2 Rxd4 32. Qe6 Bf4 33. Kf1
Nd1 0-1

[Event "4th NH Chess Tournament"]
[Site "Amsterdam NED"]
[Date "2010.08.21"]
[Round "9"]
[White "Howell, D."]
[Black "Nielsen, PH."]
[Result "1-0"]
[WhiteElo "2616"]
[BlackElo "2700"]
[PlyCount "49"]
[EventDate "2010.08.12"]

1. e4 e5 2. Nf3 Nc6 3. Bb5 a6 4. Bxc6 dxc6 5. O-O Ne7 6. Nxe5 Qd4 7. Qh5 g6 8.
Qg5 Bg7 9. Nd3 f5 10. e5 c5 11. b3 b6 12. Bb2 Qg4 13. Qe3 Nd5 14. Qe1 f4 15. f3
Qg5 16. c4 Bf5 17. Nxc5 bxc5 18. cxd5 Bd3 19. Nc3 O-O 20. Ne4 Qf5 21. Nxc5 Bxf1
22. Kxf1 Rad8 23. Qe4 Rfe8 24. d4 Qxe4 25. fxe4 1-0

[Event "4th NH Chess Tournament"]
[Site "Amsterdam NED"]
[Date "2010.08.21"]
[Round "9"]
[White "Caruana, F."]
[Black "Gelfand, B."]
[Result "0-1"]
[WhiteElo "2697"]
[BlackElo "2739"]
[PlyCount "172"]
[EventDate "2010.08.12"]

1. d4 Nf6 2. c4 e6 3. g3 d5 4. Bg2 Bb4+ 5. Nd2 O-O 6. Ngf3 dxc4 7. O-O b5 8. a4
c6 9. b3 c3 10. Nb1 Bb7 11. Qc2 bxa4 12. Rxa4 c5 13. Nxc3 a5 14. Na2 Be4 15.
Qd1 Nbd7 16. Nxb4 cxb4 17. Bb2 Nb6 18. Ra1 Qd5 19. Ne1 Bxg2 20. Nxg2 Qb5 21.
Nf4 a4 22. bxa4 Nxa4 23. Qb3 Nd5 24. Nd3 Nac3 25. Rfe1 Rxa1 26. Bxa1 Rc8 27.
Bxc3 Rxc3 28. Rc1 h6 29. Rxc3 Nxc3 30. Nc1 Qg5 31. e3 Qb5 32. Kg2 Qc6+ 33. Kg1
Ne4 34. Nd3 Nd2 35. Qb2 Nf3+ 36. Kf1 Qb5 37. Ke2 Ng1+ 38. Kd2 Nf3+ 39. Ke2 b3
40. Qc3 Qh5 41. Nf4 Nxd4+ 42. Kd2 Nf3+ 43. Kc1 Qxh2 44. Nd3 Qh1+ 45. Kb2 Qd1
46. Qxb3 Qxb3+ 47. Kxb3 Kh7 48. Kc2 Kg6 49. Kd1 Kf5 50. Ke2 Kg4 51. Nc5 h5 52.
Nd7 f6 53. Nf8 Ng5 54. Ng6 e5 55. Kf1 Kh3 56. Nh4 Ne4 57. Ng6 Kh2 58. Nh4 g5
59. Nf5 Kh3 60. Ng7 h4 61. gxh4 gxh4 62. f3 Ng5 63. Kf2 e4 64. fxe4 Kg4 65. Ne8
Nxe4+ 66. Kg2 f5 67. Kh2 h3 68. Ng7 Nd2 69. Kg1 Nc4 70. Ne8 Nxe3 71. Nf6+ Kg3
72. Nh5+ Kh4 73. Nf4 Kg3 74. Nh5+ Kg4 75. Ng7 f4 76. Ne8 f3 77. Nf6+ Kf5 78.
Nh5 Ng4 79. Ng3+ Kf4 80. Nf1 Ke4 81. Ng3+ Ke3 82. Nf1+ Kf4 83. Kh1 f2 84. Nd2
Ne3 85. Nf1 Kf3 86. Ng3 f1=Q+ 0-1

[Event "4th NH Chess Tournament"]
[Site "Amsterdam NED"]
[Date "2010.08.21"]
[Round "9"]
[White "Giri, A."]
[Black "Van Wely, L."]
[Result "1/2-1/2"]
[WhiteElo "2672"]
[BlackElo "2677"]
[PlyCount "100"]
[EventDate "2010.08.12"]

1. d4 d5 2. c4 c6 3. Nf3 Nf6 4. Nc3 e6 5. Bg5 h6 6. Bh4 dxc4 7. e4 b5 8. e5 g5
9. Nxg5 hxg5 10. Bxg5 Nbd7 11. g3 Rg8 12. h4 Rxg5 13. hxg5 Nd5 14. g6 fxg6 15.
Qg4 Qe7 16. Bg2 Kd8 17. Qxg6 Bg7 18. Ne4 Kc7 19. Ng5 Nf8 20. Qf7 Qxf7 21. Nxf7
Bd7 22. Rh5 Ne7 23. Rg5 Nfg6 24. Be4 Rf8 25. Bxg6 Nxg6 26. Nd6 Rh8 27. Ke2 Rh6
28. Nf7 Be8 29. Nxh6 Bxh6 30. Rg4 c5 31. Rh1 Bf8 32. Rh7+ Kb6 33. dxc5+ Bxc5
34. Rh6 Nf8 35. Rg8 b4 36. Rf6 c3 37. bxc3 bxc3 38. Kd3 Bb4 39. Rxe6+ Nxe6 40.
Rxe8 Nc5+ 41. Kc2 Kc7 42. f4 Ne4 43. f5 Nxg3 44. a3 Bxa3 45. f6 Ne2 46. e6 Kd6
47. e7 Ke6 48. Rg8 Bxe7 49. fxe7 Kxe7 50. Rg4 Kf6 1/2-1/2

[Event "4th NH Chess Tournament"]
[Site "Amsterdam NED"]
[Date "2010.08.21"]
[Round "9"]
[White "So, W."]
[Black "Ljubojevic, L."]
[Result "1/2-1/2"]
[WhiteElo "2674"]
[BlackElo "2572"]
[PlyCount "134"]
[EventDate "2010.08.12"]

1. d4 d5 2. c4 e6 3. Nf3 Nf6 4. g3 Be7 5. Bg2 O-O 6. O-O dxc4 7. Ne5 Qd6 8. Na3
Rd8 9. Naxc4 Qa6 10. Qb3 Rxd4 11. Bf4 Nbd7 12. Rac1 c6 13. Rfd1 Rxd1+ 14. Rxd1
h6 15. e4 Nb6 16. Nd6 Bxd6 17. Rxd6 Bd7 18. g4 Qa5 19. Qd1 Be8 20. h4 g5 21.
hxg5 hxg5 22. Bg3 Qxa2 23. Qd2 Qb1+ 24. Kh2 Nxe4 25. Bxe4 Qxe4 26. Qxg5+ Kf8
27. Qh6+ Kg8 28. Qg5+ Kf8 29. Rd8 Rxd8 30. Qxd8 Qh7+ 31. Bh4 Qh8 32. f4 Nd5 33.
Kg3 Kg7 34. Nf3 c5 35. f5 Qf8 36. Qg5+ Kh7 37. fxe6 fxe6 38. Qe5 Bd7 39. Qh5+
Kg8 40. Qg5+ Qg7 41. Qd8+ Kh7 42. Qb8 Qxb2 43. Qd6 Qg7 44. Qxc5 Bc6 45. Qxa7
Qc7+ 46. Kf2 Nc3 47. Qd4 Ne4+ 48. Ke3 Qa5 49. Kf4 Qa3 50. Ng5+ Nxg5 51. Bxg5
Qf3+ 52. Ke5 Kg6 53. Bd8 Qe2+ 54. Kd6 e5 55. Qb6 e4 56. Qd4 Qf3 57. Qh8 Qf4+
58. Kc5 Qe3+ 59. Kd6 Qg3+ 60. Kc5 Qg1+ 61. Kd6 Qd1+ 62. Kc5 Qg1+ 63. Kd6 Qg3+
64. Kc5 Qf2+ 65. Kd6 Qf4+ 66. Kc5 Qf2+ 67. Kd6 Qg3+ 1/2-1/2

[Event "4th NH Chess Tournament"]
[Site "Amsterdam NED"]
[Date "2010.08.22"]
[Round "10"]
[White "Ljubojevic, L."]
[Black "Caruana, F."]
[Result "*"]
[WhiteElo "2572"]
[BlackElo "2697"]
[PlyCount "22"]
[EventDate "2010.08.12"]

1. d4 Nf6 2. Nf3 d5 3. c4 c6 4. Nc3 dxc4 5. a4 Bf5 6. e3 e6 7. Bxc4 Bb4 8. O-O
Nbd7 9. Nh4 Bg4 10. Qb3 Qb6 11. h3 Bh5 *

[Event "4th NH Chess Tournament"]
[Site "Amsterdam NED"]
[Date "2010.08.22"]
[Round "10"]
[White "Nielsen, PH."]
[Black "Giri, A."]
[Result "*"]
[WhiteElo "2700"]
[BlackElo "2672"]
[PlyCount "29"]
[EventDate "2010.08.12"]

1. d4 Nf6 2. c4 e6 3. Nf3 d5 4. g3 Be7 5. Bg2 O-O 6. O-O dxc4 7. Qc2 a6 8. a4
Bd7 9. Qxc4 Bc6 10. Bg5 h6 11. Bxf6 Bxf6 12. Nc3 Bxf3 13. Bxf3 c6 14. Qb3 Ra7
15. Ne4 *

[Event "4th NH Chess Tournament"]
[Site "Amsterdam NED"]
[Date "2010.08.22"]
[Round "10"]
[White "Gelfand, B."]
[Black "Nakamura, Hi"]
[Result "*"]
[WhiteElo "2739"]
[BlackElo "2729"]
[PlyCount "33"]
[EventDate "2010.08.12"]

1. d4 Nf6 2. c4 g6 3. Nc3 Bg7 4. e4 d6 5. Nf3 O-O 6. Be2 e5 7. Be3 Ng4 8. Bg5
f6 9. Bh4 Nc6 10. d5 Ne7 11. Nd2 h5 12. h3 Nh6 13. g4 hxg4 14. hxg4 Nf7 15. Qc2
c5 16. O-O-O a6 17. Rh2 *